Atención integral de enfermería en el niño y el adolescente (Registro nro. 17185)

000 -CABECERA
campo de control de longitud fija 00902cam a22003134a 4500
001 - NÚMERO DE CONTROL
campo de control YPZ19474
003 - IDENTIFICADOR DEL NÚMERO DE CONTROL
campo de control YPZ
005 - FECHA Y HORA DE LA ÚLTIMA TRANSACCIÓN
campo de control 20231011092225.0
008 - DATOS DE LONGITUD FIJA--INFORMACIÓN GENERAL
campo de control de longitud fija 070326|###########||||||b||||||||||spa|d
020 ## - NÚMERO INTERNACIONAL ESTÁNDAR DEL LIBRO
Número Internacional Estándar del Libro 847738259X
040 ## - FUENTE DE LA CATALOGACIÓN
Centro/agencia transcriptor SIUNPA
Centro catalogador/agencia de origen SIUNPA
Lengua de catalogación spa
Normas de descripción AACR2
041 ## - CÓDIGO DE LENGUA
Código de lengua del texto/banda sonora o título independiente spa
044 ## - CÓDIGO DEL PAÍS DE LA ENTIDAD EDITORA/PRODUCTORA
Código MARC del país sp
080 ## - NÚMERO DE LA CLASIFICACIÓN DECIMAL UNIVERSAL
Número de la Clasificación Decimal Universal 616-053.2 A864at
245 ## - MENCIÓN DE TÍTULO
Título Atención integral de enfermería en el niño y el adolescente
Mención de responsabilidad, etc. / coordinación Marta Díaz Gómez
260 ## - PUBLICACIÓN, DISTRIBUCIÓN, ETC.
Lugar de publicación, distribución, etc. Madrid
Nombre del editor, distribuidor, etc. : Síntesis
Fecha de publicación, distribución, etc. , 1994
300 ## - DESCRIPCIÓN FÍSICA
Extensión 477 p.
Otras características físicas : il.
490 ## - MENCIÓN DE SERIE
Mención de serie (Colección enfermería ;
Designación de volumen o secuencia 4)
650 ## - PUNTO DE ACCESO ADICIONAL DE MATERIA--TÉRMINO DE MATERIA
Término de materia o nombre geográfico como elemento de entrada SERVICIOS DE ENFERMERIA
650 ## - PUNTO DE ACCESO ADICIONAL DE MATERIA--TÉRMINO DE MATERIA
Término de materia o nombre geográfico como elemento de entrada NIÑOS
650 ## - PUNTO DE ACCESO ADICIONAL DE MATERIA--TÉRMINO DE MATERIA
Término de materia o nombre geográfico como elemento de entrada ADOLESCENTES
650 ## - PUNTO DE ACCESO ADICIONAL DE MATERIA--TÉRMINO DE MATERIA
Término de materia o nombre geográfico como elemento de entrada DESARROLLO DEL NIÑO
650 ## - PUNTO DE ACCESO ADICIONAL DE MATERIA--TÉRMINO DE MATERIA
Término de materia o nombre geográfico como elemento de entrada PEDIATRIA
650 ## - PUNTO DE ACCESO ADICIONAL DE MATERIA--TÉRMINO DE MATERIA
Término de materia o nombre geográfico como elemento de entrada NUTRICION INFANTIL
650 ## - PUNTO DE ACCESO ADICIONAL DE MATERIA--TÉRMINO DE MATERIA
Término de materia o nombre geográfico como elemento de entrada LACTANCIA MATERNA
700 ## - PUNTO DE ACCESO ADICIONAL--NOMBRE DE PERSONA
Nombre de persona Díaz Gómez, Marta
Término indicativo de función/relación , coord.
830 ## - PUNTO DE ACCESO ADICIONAL DE SERIE-TÍTULO UNIFORME
9 (RLIN) 414
Título uniforme Enfermería (Síntesis)
942 ## - ELEMENTOS DE PUNTO DE ACCESO ADICIONAL (KOHA)
Tipo de ítem Koha Libros
Fuente del sistema de clasificación o colocación
Existencias
Estado de retiro Estado de pérdida Fuente del sistema de clasificación o colocación Estado dañado No para préstamo Código de colección Localización permanente Ubicación/localización actual Fecha de adquisición Fuente de adquisición Coste, precio normal de compra Número de inventario Signatura topográfica completa Código de barras Fecha visto por última vez Número de copia Coste, precio de reemplazo Precio válido a partir de Tipo de ítem Koha Total de préstamos Fecha del último préstamo
          Colección General SIUNPA Biblioteca Académica UART 2007-03-02 UART 50.00 03-31401 616-053.2 A864at 03-31401 2019-04-03 ej.1 50.00 2019-04-03 Libros    
          Colección General SIUNPA Biblioteca Académica UART 2023-10-11 Compra SIUNPA 24715.00 03-51467 616-053.2 A864at 03-51467 2025-10-13 ej.2 24715.00 2023-10-11 Libros 3 2025-09-30